| 000 | 00589nam a2200181Ia 4500 | ||
|---|---|---|---|
| 008 | 090124s9999 xx 000 0 und d | ||
| 082 | _b18738 | ||
| 100 | _aभागवत यशवंत | ||
| 245 | _a शुभमंगल सावधान ! | ||
| 250 | _a1 | ||
| 260 |
_bश्री विशाखा प्रकाशन _c1978 |
||
| 300 | _a120 | ||
| 600 | _aभागवत यशवंत | ||
| 630 | _a शुभमंगल सावधान ! | ||
| 700 | _aभागवत यशवंत | ||
| 730 | _a शुभमंगल सावधान ! | ||
| 942 | _cBOOK | ||
| 999 |
_c89716 _d89716 |
||